000 nam a22 7a 4500
999 _c7942
_d7942
008 171116b xxu||||| |||| 00| 0 eng d
100 _aVerma.S.etal.
_94405
245 _aMathematics-6
260 _aNew Delhi